MARC details
| 000 -LEADER |
| campo de control de longitud fija |
01560nam a2200361 i 4500 |
| 001 - NÚMERO DE CONTROL |
| campo de control |
42545 |
| 003 - IDENTIFICADOR DE NÚMERO DE CONTROL |
| campo de control |
ES-MaACL |
| 005 - FECHA Y HORA DE LA ÚLTIMA TRANSACCIÓN |
| campo de control |
20240513120304.0 |
| 007 - CAMPO FIJO DE DESCRIPCIÓN FÍSICA--INFORMACIÓN GENERAL |
| campo de control de longitud fija |
t| |
| 008 - DATOS DE LONGITUD FIJA--INFORMACIÓN GENERAL |
| campo de control de longitud fija |
160501s2012 sp |||| | spa d |
| 020 ## - NÚMERO INTERNACIONAL ESTÁNDAR DEL LIBRO |
| Número Internacional Estándar del Libro |
978-84-338-5393-6 |
| 080 ## - NÚMERO DE LA CLASIFICACIÓN DECIMAL UNIVERSAL |
| Número de la Clasificación Decimal Universal |
821.134.2 Ayala, Francisco 1.07 |
| 100 1# - ENTRADA PRINCIPAL--NOMBRE DE PERSONA |
| Nombre de persona |
Sobejano, Gonzalo. |
| 9 (RLIN) |
106979 |
| 245 10 - MENCIÓN DEL TÍTULO |
| Título |
Lecturas de Francisco Ayala / |
| Mención de responsabilidad, etc. |
Gonzalo Sobejano. |
| 250 ## - MENCION DE EDICION |
| Mención de edición |
1ª ed. |
| 260 ## - PUBLICACIÓN, DISTRIBUCIÓN, ETC. |
| Lugar de publicación, distribución, etc. |
[Granada] : |
| Nombre del editor, distribuidor, etc. |
Fundación Francisco Ayala : |
| -- |
Universidad de Granada, |
| Fecha de publicación, distribución, etc. |
2012. |
| 300 ## - DESCRIPCIÓN FÍSICA |
| Extensión |
101 p. ; |
| Dimensiones |
20 x 12 cm. |
| 490 1# - MENCIÓN DE SERIE |
| Mención de serie |
Cuadernos de la Fundación Francisco Ayala ; |
| Designación de volumen o secuencia |
6 |
| 505 8# - NOTA DE CONTENIDO CON FORMATO |
| Nota de contenido con formato |
Contiene: ; |
| Título |
Lectura de Francisco Ayala ; |
| -- |
Lectura de "El Doliente" / |
| Mención de responsabilidad |
Gonzalo Sobejano / |
| -- |
El ángel de Bernini, mi ángel. -- |
| Título |
El Doliente / |
| Mención de responsabilidad |
Francisco Ayala. -- |
| Título |
Ayala, Sobejano y la lucidez / |
| Mención de responsabilidad |
José María Pozuelo Yvancos |
| 600 14 - PUNTO DE ACCESO ADICIONAL DE MATERIA--NOMBRE DE PERSONA |
| Nombre de persona |
Ayala, Francisco, |
| Fechas asociadas al nombre |
1906-2009- |
| Subdivisión general |
Crítica e interpretación |
| 9 (RLIN) |
24112 |
| 700 1# - ENTRADA AGREGADA--NOMBRE PERSONAL |
| Nombre de persona |
Ayala, Francisco, |
| Fechas asociadas al nombre |
1906-2009 |
| 9 (RLIN) |
24111 |
| 700 1# - ENTRADA AGREGADA--NOMBRE PERSONAL |
| Nombre de persona |
Pozuelo Yvancos, José María. |
| 9 (RLIN) |
93557 |
| 710 2# - ENTRADA AGREGADA--NOMBRE DE ENTIDAD CORPORATIVA |
| Nombre de entidad corporativa o nombre de jurisdicción como elemento de entrada |
Fundación Francisco Ayala. |
| 9 (RLIN) |
4309 |
| 740 02 - ENTRADA AGREGADA--TÍTULO RELACIONADO/ANALÍTICO NO CONTROLADO |
| Título relacionado o analítico no controlado |
Lectura de "El Doliente" |
| 740 32 - ENTRADA AGREGADA--TÍTULO RELACIONADO/ANALÍTICO NO CONTROLADO |
| Título relacionado o analítico no controlado |
El ángel de Bernini, mi ángel. |
| 740 32 - ENTRADA AGREGADA--TÍTULO RELACIONADO/ANALÍTICO NO CONTROLADO |
| Título relacionado o analítico no controlado |
El Doliente. |
| 740 02 - ENTRADA AGREGADA--TÍTULO RELACIONADO/ANALÍTICO NO CONTROLADO |
| Título relacionado o analítico no controlado |
Ayala, Sobejano y la lucidez. |
| 830 0# - PUNTO DE ACCESO ADICIONAL DE SERIE-TÍTULO UNIFORME |
| Título uniforme |
Cuadernos de la Fundación Francisco Ayala ; |
| Designación de volumen o secuencia |
6 |
| 9 (RLIN) |
229824 |
| 852 ## - LOCALIZACIÓN |
| Ubicación |
ES-MaACL |
| Número de control de estantería |
A-13565 |
| itemnumber |
44117 |
| Sublocalización o colección |
R.150806 |
| Ubicación en estantería |
Depósito 1 |
| Signatura antigua |
Olim: N-6565 |
| Donativo/Legado |
Donación: Real Academia Española |
| 914 ## - NOMBRE ENTIDAD DE DONANTE |
| RLIN |
6336 |
| Nombre de congreso/reunión o jurisdicción como elemento de entrada |
Real Academia Española |
| Unidad subordinada |
Donante |
| 942 ## - ELEMENTOS DE ENTRADA SECUNDARIOS (KOHA) |
| Fuente del sistema de clasificación o colocación |
Clasificación decimal universal |
| Tipo de ítem Koha |
Libro impreso |